[Event "SVK-chT3B2 1617"]
[Site "Slovakia"]
[Date "2017.03.19"]
[Round "10.8"]
[White "Holeckova, Lenka"]
[Black "Sunal, Miroslav"]
[Result "0-1"]
[WhiteElo "1356"]
[BlackElo "1000"]
[PlyCount "76"]
[EventDate "2016.10.16"]
[EventType "team-tourn"]
[EventRounds "11"]
[EventCountry "SVK"]
[SourceTitle "EXT 2020"]
[Source "ChessBase"]
[SourceDate "2019.10.17"]
[SourceVersion "1"]
[SourceVersionDate "2019.10.17"]
[SourceQuality "1"]
[WhiteTeam "Dubnica nad Vahom IV"]
[BlackTeam "Lehota pod Vtacnikom"]
[WhiteTeamCountry "SVK"]
[BlackTeamCountry "SVK"]

1. e4 c5 2. Nf3 Nc6 3. Nc3 e5 4. Bc4 h6 5. d3 Nf6 6. h3 Be7 7. Be3 d6 8. 0-0 0-0 9. a3 a6 10. Qe2 Bd7 11. Rad1 Qc8 12. Na4 Bd8 13. Ba2 Nd4 14. Nxd4 Bxa4 15. Nf5 Bd7 16. Nxd6 Qc7 17. Nxf7 Rxf7 18. Bxf7+ Kxf7 19. Rd2 Be7 20. Rfd1 Rg8 21. c3 Ba4 22. Rc1 Bd7 23. b3 Be6 24. c4 Qc8 25. Qf3 g5 26. g4 h5 27. gxh5 g4 28. hxg4 Bxg4 29. Qg3 Bf3 30. Bg5 Bxh5 31. Kf1 Nxe4 32. dxe4 Bxg5 33. Rd3 Bxc1 34. Qxe5 Rg5 35. Qa1 Qg4 36. Rg3 Qe2+ 37. Kg2 Qf3+ 38. Kh3 Qh1# 0-1

[Event "SVK-chT3B2 1617"]
[Site "Slovakia"]
[Date "2016.10.30"]
[Round "2.8"]
[White "Hrubisko, Lukas"]
[Black "Holeckova, Lenka"]
[Result "0-1"]
[WhiteElo "1120"]
[BlackElo "1356"]
[PlyCount "56"]
[EventDate "2016.10.16"]
[EventType "team-tourn"]
[EventRounds "11"]
[EventCountry "SVK"]
[SourceTitle "CBM 175 Extra"]
[Source "ChessBase"]
[SourceDate "2016.12.12"]
[SourceVersion "1"]
[SourceVersionDate "2016.12.12"]
[SourceQuality "1"]
[WhiteTeam "Dubnica nad Vahom III"]
[BlackTeam "Dubnica nad Vahom IV"]
[WhiteTeamCountry "SVK"]
[BlackTeamCountry "SVK"]

1. f4 d5 2. Nf3 Nc6 3. d4 f5 4. e3 e6 5. Bd3 Nf6 6. 0-0 Bd6 7. Nbd2 Bd7 8. c4 Bb4 9. b3 dxc4 10. bxc4 Bc3 11. Rb1 Nb4 12. Qb3 Nxd3 13. Qxc3 Nxc1 14. Rfxc1 b6 15. Ne5 Bc8 16. Qb4 Bb7 17. Qb5+ Kf8 18. Qb3 c5 19. Qc3 cxd4 20. exd4 Be4 21. Rb2 Rc8 22. c5 bxc5 23. dxc5 Qd5 24. Nxe4 Nxe4 25. Qc4 Rxc5 26. Rb8+ Ke7 27. Qb4 Rxb8 28. Nc6+ Qxc6 0-1